| 000 | 00654cas a22002175a 4500 | ||
|---|---|---|---|
| 001 | ##L467 | ||
| 008 | 070612c1996 xxktr p 0 a0eng | ||
| 022 | 1 | _a1363-2175 | |
| 035 | _a(Sirsi) u99081 | ||
| 041 | 0 | _aeng | |
| 245 | 0 | 0 | _aJournal of Financial Management of Property and Construction |
| 260 |
_aNewtownabbey _bUniversity of Ulster _c1996- |
||
| 362 | _a1(2) July 1996- | ||
| 554 | _aThree per year | ||
| 651 | 4 |
_aUnited Kingdom _y |
|
| 690 |
_aBlock management _96220 |
||
| 690 |
_aConstruction management _96230 |
||
| 856 | 4 | 8 |
_uhttps://jfmpc.gcal.ac.uk/ _zView previous issues on the journal website |
| 942 | _n0 | ||
| 948 | _c21/07/1997 | ||
| 999 |
_c118645 _d118645 |
||